Tobacco industry success in Costa Rica: the importance of FCTC article 5.3 /
Se pretende analizar cómo la industria tabacalera influyó en la formulación de las políticas de control de tabaco en Costa Rica, para lo cual se revisaron documentos de la industria tabacalera, de la legislación costarricense de control del tabaco y de periódicos y revistas. Se comprende posteriorme...
Guardado en:
| Hovedforfatter: | |
|---|---|
| Andre forfattere: | , |
| Format: | Texto |
| Fag: | |
| Tags: |
Tilføj Tag
Ingen Tags, Vær først til at tagge denne postø!
|
MARC
| LEADER | 00000 a a2200000 04500 | ||
|---|---|---|---|
| 001 | 44613 | ||
| 003 | |||
| 040 | |||
| 100 | |a Crosbie, Eric | ||
| 245 | |a Tobacco industry success in Costa Rica: |b the importance of FCTC article 5.3 / |c Eric Crosbie, Ernesto M. Sebrié, Stanton A. Glantz | ||
| 520 | |a Se pretende analizar cómo la industria tabacalera influyó en la formulación de las políticas de control de tabaco en Costa Rica, para lo cual se revisaron documentos de la industria tabacalera, de la legislación costarricense de control del tabaco y de periódicos y revistas. Se comprende posteriormente, que la experiencia de Costa Rica demuestra la importancia que tiene la implementación del artículo5.3 del Convenio Marco para el Control Del Tabaco, para proteger las políticas de la salud pública de la interferencia de la industria tabacalera. | ||
| 590 | |a KSR/MAYO2013 | ||
| 650 | |a 1.TABACO | ||
| 650 | |a 2.INDUSTRIA DEL TABACO | ||
| 650 | |a 3.ANALISIS DE LA INFORMACION | ||
| 650 | |a 4.CONVENIO MARCO PARA EL CONTROL DEL TABACO | ||
| 650 | |a 5.SALUD PUBLICA | ||
| 650 | |a 6.COSTA RICA | ||
| 700 | |a Crosbie, Eric | ||
| 700 | |a Sebrié, Ernesto M. | ||
| 700 | |a Glantz, Stanton A. | ||
| 773 | |g volumen54, número1 ( , 2012), páginas 28-38 | ||
| 999 | |c 27531 |d 27531 | ||
